[Event "Hillerod Byturnering Mesterklassen 2000"]
[Site "Hillerod"]
[Date "2000.04.25"]
[Round "1"]
[White "Andersen, Ib Hother"]
[Black "Roos, Aksel"]
[Result "0-1"]
[WhiteElo "2066"]
[BlackElo "2136"]
[PlyCount "122"]
[EventDate "2000.??.??"]

1. e4 c5 2. Nf3 Nc6 3. d4 cxd4 4. Nxd4 Nf6 5. Nc3 d6 6. Bg5 e6 7. Qd2 a6 8.
O-O-O h6 9. Bf4 Bd7 10. Nb3 b5 11. Qe1 Ne5 12. f3 Rc8 13. Kb1 Qb6 14. Be3 Qc7
15. Rc1 Be7 16. Be2 Nc4 17. Bxc4 Qxc4 18. Bb6 Qc6 19. Qf2 Qa8 20. Ba5 e5 21. g4
Be6 22. h4 Qc6 23. Qb6 Qa8 24. Qf2 Nd7 25. Rcd1 Qb8 26. Bb4 Nb6 27. Na5 Qc7 28.
Rd2 Rd8 29. Rhd1 Rd7 30. Qg3 f6 31. f4 Bf7 32. fxe5 fxe5 33. g5 hxg5 34. hxg5
Bg6 35. Bxd6 Rxd6 36. Qxe5 Nd7 37. Qxg7 Rh7 38. Qg8+ Nf8 39. Rxd6 Bxd6 40. Nd5
Qxa5 41. Nf6+ Ke7 42. Nxh7 Bxh7 43. Qg7+ Ke8 44. Qd4 Be7 45. Qd5 Qb6 46. a3 Qe6
47. Qa8+ Kf7 48. Rf1+ Kg7 49. Re1 Bxg5 50. Rg1 Qf6 51. Qd5 Kg6 52. e5 Qf5 53.
Qd6+ Kf7 54. Qc7+ Be7 55. Qc3 Ng6 56. Re1 Qe6 57. Rh1 Kg7 58. Qe3 Bg8 59. Qh6+
Kf7 60. Rf1+ Ke8 61. Rg1 Qa2+ 0-1

[Event "Hillerod Byturnering Mesterklassen 2000"]
[Site "Hillerod"]
[Date "2000.05.25"]
[Round "1"]
[White "Erlandsen, Carsten"]
[Black "Jacobsen, Hans Endrup"]
[Result "1-0"]
[WhiteElo "2069"]
[BlackElo "1924"]
[PlyCount "75"]
[EventDate "2000.??.??"]

1. d4 Nf6 2. c4 e6 3. Nf3 Bb4+ 4. Bd2 Qe7 5. g3 O-O 6. Bg2 Bxd2+ 7. Qxd2 d6 8.
Nc3 e5 9. O-O Re8 10. e4 Bg4 11. Rfe1 Bxf3 12. Bxf3 exd4 13. Nd5 Qd8 14. Qxd4
Nfd7 15. b4 Nc6 16. Qc3 a5 17. a3 Nce5 18. Bg2 b6 19. Rad1 Ra7 20. f4 Ng6 21.
h4 axb4 22. axb4 h6 23. Ne3 Qf6 24. e5 Ngxe5 25. fxe5 Nxe5 26. Ng4 Qf5 27. Nxe5
dxe5 28. Bc6 Ra2 29. Rd2 Rxd2 30. Qxd2 Rf8 31. Qd5 Qg6 32. Qf3 Qd6 33. b5 Qd4+
34. Qe3 Qxc4 35. Qxe5 Qb4 36. Qe7 Qc3 37. Qxf8+ Kh7 38. Be4+ 1-0

[Event "Hillerod Byturnering Mesterklassen 2000"]
[Site "Hillerod"]
[Date "2000.04.25"]
[Round "1"]
[White "Lilja, Richard"]
[Black "Andersen, Daniel"]
[Result "1/2-1/2"]
[WhiteElo "2009"]
[BlackElo "2098"]
[PlyCount "39"]
[EventDate "2000.??.??"]

1. e4 e6 2. d4 d5 3. Nc3 Nf6 4. exd5 exd5 5. Bd3 Be7 6. Nge2 Bg4 7. f3 Bh5 8.
Bg5 Bg6 9. Nf4 Bxd3 10. Qxd3 c6 11. Bxf6 Bxf6 12. Nh5 O-O 13. Nxf6+ Qxf6 14.
O-O-O Nd7 15. g4 Rfe8 16. Rde1 Re6 17. Rxe6 Qxe6 18. Qe2 Re8 19. Qxe6 Rxe6 20.
Kd2 1/2-1/2

[Event "Hillerod Byturnering Mesterklassen 2000"]
[Site "Hillerod"]
[Date "2000.04.25"]
[Round "1"]
[White "Sorensen, Esben Lauge"]
[Black "Nielsen, Jacob Woge"]
[Result "1-0"]
[WhiteElo "2076"]
[BlackElo "2100"]
[PlyCount "69"]
[EventDate "2000.??.??"]

1. d4 Nf6 2. c4 e6 3. g3 d5 4. Bg2 Be7 5. Nf3 O-O 6. Qc2 c5 7. O-O cxd4 8. Nxd4
e5 9. Nf5 dxc4 10. Nxe7+ Qxe7 11. Qxc4 Nbd7 12. b3 Re8 13. Ba3 Qe6 14. Nd2 Nb6
15. Qxe6 Rxe6 16. Rfd1 Rb8 17. Ne4 Nbd7 18. Nd6 g5 19. Rac1 Nb6 20. Nxc8 Nxc8
21. Rd8+ Re8 22. Rxe8+ Nxe8 23. Bxb7 Ncd6 24. Bd5 Nb5 25. Be7 Nd4 26. Kf1 h6
27. Rc4 Nf5 28. Bc5 Rd8 29. e4 Nfd6 30. Ra4 Nf6 31. Bxa7 Nxd5 32. exd5 Nb5 33.
Bb6 Rxd5 34. Ra8+ Kg7 35. Rd8 1-0

[Event "Hillerod Byturnering Mesterklassen 2000"]
[Site "Hillerod"]
[Date "2000.05.02"]
[Round "2"]
[White "Andersen, Daniel"]
[Black "Andersen, Ib Hother"]
[Result "1/2-1/2"]
[WhiteElo "2098"]
[BlackElo "2066"]
[PlyCount "92"]
[EventDate "2000.??.??"]

1. Nf3 Nf6 2. g3 d5 3. Bg2 Bg4 4. d4 e6 5. c4 c6 6. O-O Nbd7 7. b3 Be7 8. Nbd2
O-O 9. Bb2 Ne4 10. Nxe4 dxe4 11. Nd2 f5 12. f3 exf3 13. exf3 Bh5 14. Qe2 Bf7
15. f4 Qb6 16. Kh1 Bf6 17. Nf3 Rfe8 18. c5 Qd8 19. b4 Bh5 20. Qc4 a5 21. b5
cxb5 22. Qxb5 Rb8 23. Bc3 b6 24. c6 Nc5 25. dxc5 Bxc3 26. Rac1 bxc5 27. Qxc5
Bb4 28. c7 Bxc5 29. cxd8=Q Rexd8 30. Rxc5 Rb2 31. Rxa5 Rc8 32. Ne5 h6 33. Bc6
Re2 34. Ra8 Rxa8 35. Bxa8 Rxa2 36. Bf3 Bxf3+ 37. Nxf3 Kf7 38. h4 Kg6 39. Rd1
Kh5 40. Ne5 g5 41. hxg5 hxg5 42. Rd8 gxf4 43. gxf4 Kh4 44. Rg8 Kh3 45. Kg1 Ra4
46. Nd3 Rd4 1/2-1/2

[Event "Hillerod Byturnering Mesterklassen 2000"]
[Site "Hillerod"]
[Date "2000.05.02"]
[Round "2"]
[White "Erlandsen, Carsten"]
[Black "Sorensen, Esben Lauge"]
[Result "1-0"]
[WhiteElo "2069"]
[BlackElo "2076"]
[PlyCount "62"]
[EventDate "2000.??.??"]

1. d4 Nf6 2. c4 e6 3. Nf3 b6 4. g3 Ba6 5. Qa4 Bb7 6. Bg2 c5 7. dxc5 bxc5 8. O-O
Be7 9. Bf4 Qb6 10. Nc3 O-O 11. Rfd1 Rd8 12. Rd2 Ne4 13. Nxe4 Bxe4 14. Rad1 Bc6
15. Qc2 h6 16. Bd6 Bxd6 17. Rxd6 Qb7 18. Qd2 a5 19. Qf4 Rf8 20. R1d2 a4 21. g4
f6 22. h4 Na6 23. Qe3 Rf7 24. g5 hxg5 25. hxg5 Re7 26. g6 e5 27. Nh4 Bxg2 28.
Nxg2 Qb4 29. Qh3 Qxc4 30. Ne3 Qxa2 31. Nf5 Kf8 1-0

[Event "Hillerod Byturnering Mesterklassen 2000"]
[Site "Hillerod"]
[Date "2000.05.02"]
[Round "2"]
[White "Jacobsen, Hans Endrup"]
[Black "Roos, Aksel"]
[Result "1-0"]
[WhiteElo "1924"]
[BlackElo "2136"]
[PlyCount "75"]
[EventDate "2000.??.??"]

1. e4 c5 2. Nc3 Nc6 3. f4 g6 4. Nf3 Bg7 5. Bb5 Nh6 6. Bxc6 bxc6 7. Qe2 O-O 8.
Nd1 Qb6 9. c4 d6 10. h3 d5 11. d3 f6 12. O-O e6 13. Rb1 Bd7 14. Bd2 Nf7 15. Nc3
a6 16. Qf2 dxc4 17. dxc4 Nd6 18. Be3 Nb7 19. Na4 Qc7 20. Nxc5 Nxc5 21. Bxc5
Rfe8 22. e5 fxe5 23. Nxe5 Bxe5 24. fxe5 Qxe5 25. Bd4 Qf5 26. Qe3 Qh5 27. g4 Qa5
28. b4 Qc7 29. Be5 Qd8 30. Bd6 e5 31. Rbd1 Be6 32. Bxe5 Qc8 33. Qh6 Ra7 34. Qg5
Bxc4 35. Rf4 Qe6 36. Rxc4 Qxc4 37. Qf6 Rxe5 38. Rd8+ 1-0

[Event "Hillerod Byturnering Mesterklassen 2000"]
[Site "Hillerod"]
[Date "2000.05.02"]
[Round "2"]
[White "Nielsen, Jacob Woge"]
[Black "Lilja, Richard"]
[Result "1/2-1/2"]
[WhiteElo "2100"]
[BlackElo "2009"]
[PlyCount "29"]
[EventDate "2000.??.??"]

1. e4 e5 2. Nf3 Nc6 3. Bb5 Nf6 4. O-O Bc5 5. c3 Nxe4 6. Bxc6 dxc6 7. Nxe5 O-O
8. d4 Bd6 9. f3 Nf6 10. Bg5 h6 11. Bh4 Bxe5 12. dxe5 Qxd1 13. Rxd1 Nd5 14. Na3
Re8 15. Re1 1/2-1/2

[Event "Hillerod Byturnering Mesterklassen 2000"]
[Site "Hillerod"]
[Date "2000.05.09"]
[Round "3"]
[White "Andersen, Ib Hother"]
[Black "Nielsen, Jacob Woge"]
[Result "1-0"]
[WhiteElo "2066"]
[BlackElo "2100"]
[PlyCount "79"]
[EventDate "2000.??.??"]

1. e4 e6 2. Qe2 c5 3. g3 Nc6 4. Nf3 g6 5. Bg2 Bg7 6. c3 d5 7. exd5 Qxd5 8. O-O
Nge7 9. d4 cxd4 10. Rd1 Qh5 11. Nxd4 Qxe2 12. Nxe2 e5 13. Na3 Bg4 14. f3 Be6
15. Nb5 O-O 16. Nc7 Rad8 17. Rxd8 Nxd8 18. Bg5 Nc8 19. Rd1 f6 20. Nxe6 Nxe6 21.
Be3 Rd8 22. Rxd8+ Nxd8 23. f4 f5 24. Bd5+ Kf8 25. fxe5 Bxe5 26. Nf4 Bc7 27.
Ne6+ Nxe6 28. Bxe6 Bb6 29. Kf2 Bxe3+ 30. Kxe3 Nb6 31. Kd4 Ke7 32. Bd5 Nxd5 33.
Kxd5 Kf6 34. c4 g5 35. b4 f4 36. gxf4 gxf4 37. Ke4 Kg5 38. c5 Kg4 39. b5 f3 40.
Ke3 1-0

[Event "Hillerod Byturnering Mesterklassen 2000"]
[Site "Hillerod"]
[Date "2000.05.09"]
[Round "3"]
[White "Lilja, Richard"]
[Black "Erlandsen, Carsten"]
[Result "0-1"]
[WhiteElo "2009"]
[BlackElo "2069"]
[PlyCount "70"]
[EventDate "2000.??.??"]

1. Nc3 e5 2. e4 d6 3. Bc4 Be7 4. d3 c6 5. a4 Nf6 6. Bg5 Be6 7. Bxe6 fxe6 8. Nf3
Qd7 9. d4 exd4 10. Qxd4 e5 11. Qd2 Qg4 12. O-O h6 13. h3 Qe6 14. Bxf6 Qxf6 15.
Ne2 g5 16. Nh2 h5 17. f3 Na6 18. Ng3 O-O-O 19. c4 Nc5 20. b4 Nb3 21. Qe3 Nxa1
22. Rxa1 Kb8 23. Nf5 d5 24. b5 d4 25. Qd3 Bc5 26. g3 Qg6 27. Nf1 g4 28. fxg4
hxg4 29. h4 Rhf8 30. Nd2 Rc8 31. Rb1 Qe6 32. Kg2 cxb5 33. Rxb5 a6 34. Rb1 Qc6
35. Ra1 Rxf5 0-1

[Event "Hillerod Byturnering Mesterklassen 2000"]
[Site "Hillerod"]
[Date "2000.05.09"]
[Round "3"]
[White "Roos, Aksel"]
[Black "Andersen, Daniel"]
[Result "0-1"]
[WhiteElo "2136"]
[BlackElo "2098"]
[PlyCount "90"]
[EventDate "2000.??.??"]

1. d4 c5 2. d5 d6 3. Nf3 g6 4. g3 Bg7 5. Bg2 e6 6. c4 exd5 7. cxd5 b5 8. O-O
Ne7 9. a4 Bb7 10. e4 b4 11. Nbd2 Nd7 12. Re1 O-O 13. Nc4 Nb6 14. Nfd2 f5 15. f3
fxe4 16. fxe4 Ba6 17. Ne3 Nd7 18. Bf1 Bxf1 19. Rxf1 Ne5 20. Ndc4 Nc8 21. a5
Rxf1+ 22. Qxf1 Ne7 23. Ra2 Kh8 24. b3 Ng8 25. Bb2 Nxc4 26. Bxg7+ Kxg7 27. Nxc4
Nf6 28. Qf4 Qe7 29. Nxd6 Nh5 30. Qe3 Qxd6 31. g4 Qf4 32. Qxf4 Nxf4 33. Kf2 Kf6
34. Ke3 Ke5 35. a6 Rc8 36. Ra5 Nxd5+ 37. exd5 Kxd5 38. Rb5 Rc6 39. Rb8 Rxa6 40.
Rd8+ Rd6 41. Rh8 c4 42. Rxh7 cxb3 43. Kd2 Rc6 44. Rh3 Rc2+ 45. Kd1 Rc3 0-1

[Event "Hillerod Byturnering Mesterklassen 2000"]
[Site "Hillerod"]
[Date "2000.06.04"]
[Round "3"]
[White "Sorensen, Esben Lauge"]
[Black "Jacobsen, Hans Endrup"]
[Result "1-0"]
[WhiteElo "2076"]
[BlackElo "1924"]
[PlyCount "87"]
[EventDate "2000.??.??"]

1. d4 Nf6 2. c4 e6 3. g3 Bb4+ 4. Nd2 O-O 5. a3 Bxd2+ 6. Qxd2 d6 7. Nf3 Ne4 8.
Qc2 f5 9. Bg2 Nd7 10. Nd2 Nxd2 11. Bxd2 e5 12. Bc3 e4 13. f3 exf3 14. Bxf3 Nf6
15. O-O Qe7 16. Rae1 f4 17. e4 fxg3 18. hxg3 Bh3 19. e5 Ng4 20. Bd5+ Kh8 21.
Bg2 Bxg2 22. Rxf8+ Rxf8 23. Qxg2 c5 24. exd6 Qxd6 25. d5 Qg6 26. Qe4 Qh5 27.
Re2 Qh3 28. Qf4 Kg8 29. Qc1 Qxg3+ 30. Rg2 Qf3 31. Bxg7 Rf7 32. Be5 Kf8 33. Bd6+
Ke8 34. Qe1+ Kd7 35. Qe6+ Kd8 36. Qxg4 Qf1+ 37. Kh2 Rf6 38. Qg8+ Kd7 39. Rg7+
Kxd6 40. Qd8+ Ke5 41. Qe7+ Kd4 42. Rg4+ Rf4 43. Qf6+ Ke4 44. Qxf4+ 1-0

[Event "Hillerod Byturnering Mesterklassen 2000"]
[Site "Hillerod"]
[Date "2000.05.16"]
[Round "4"]
[White "Erlandsen, Carsten"]
[Black "Andersen, Ib Hother"]
[Result "0-1"]
[WhiteElo "2069"]
[BlackElo "2066"]
[PlyCount "120"]
[EventDate "2000.??.??"]

1. d4 Nf6 2. c4 e6 3. Nf3 Bb4+ 4. Bd2 c5 5. Bxb4 cxb4 6. Nbd2 d6 7. e3 O-O 8.
Be2 b6 9. O-O Bb7 10. a3 bxa3 11. bxa3 Qc7 12. Rc1 Nbd7 13. Nb1 Rac8 14. Nfd2
Qb8 15. Nc3 d5 16. cxd5 Nxd5 17. Nxd5 Bxd5 18. Qa4 Nf6 19. Ba6 Bb7 20. f3 Rfd8
21. Nc4 Bxa6 22. Qxa6 Rc7 23. Ne5 Qc8 24. Qxc8 Rdxc8 25. Rxc7 Rxc7 26. Rd1 Nd5
27. e4 Nc3 28. Rd3 f6 29. Ng4 Ne2+ 30. Kf1 Nf4 31. Rd2 Rc1+ 32. Kf2 Rc3 33. a4
Kf7 34. g3 Nd3+ 35. Ke2 Nc1+ 36. Kf2 Nb3 37. Rd1 Rc4 38. d5 Rxa4 39. e5 exd5
40. Rxd5 h5 41. Rd7+ Ke6 42. Rd6+ Ke7 43. Nxf6 gxf6 44. Rxf6 Ra2+ 45. Ke3 Rxh2
46. Rh6 Kf8 47. Rh7 a5 48. Rb7 Nd2 49. f4 Nf1+ 50. Kf3 Rb2 51. f5 Rb3+ 52. Kf2
Nxg3 53. Rb8+ Kg7 54. f6+ Kf7 55. Rb7+ Kg6 56. Rg7+ Kh6 57. Rb7 Ne4+ 58. Ke2
Nxf6 59. exf6 Kg6 60. f7 Kg7 0-1

[Event "Hillerod Byturnering Mesterklassen 2000"]
[Site "Hillerod"]
[Date "2000.05.16"]
[Round "4"]
[White "Jacobsen, Hans Endrup"]
[Black "Andersen, Daniel"]
[Result "1/2-1/2"]
[WhiteElo "1924"]
[BlackElo "2098"]
[PlyCount "22"]
[EventDate "2000.??.??"]

1. Nf3 c5 2. c4 Nf6 3. g3 d5 4. cxd5 Nxd5 5. Bg2 Nc6 6. Nc3 Nc7 7. O-O e5 8. d3
Be7 9. Be3 O-O 10. Rc1 Rb8 11. a3 Ne6 1/2-1/2

[Event "Hillerod Byturnering Mesterklassen 2000"]
[Site "Hillerod"]
[Date "2000.05.16"]
[Round "4"]
[White "Nielsen, Jacob Woge"]
[Black "Roos, Aksel"]
[Result "1-0"]
[WhiteElo "2100"]
[BlackElo "2136"]
[PlyCount "63"]
[EventDate "2000.??.??"]

1. e4 c5 2. Nf3 Nc6 3. d4 cxd4 4. Nxd4 Nf6 5. Nc3 d6 6. Bg5 e6 7. Qd2 Be7 8.
O-O-O a6 9. f4 h6 10. Bxf6 gxf6 11. Be2 Bd7 12. Nb3 Qc7 13. Bh5 b5 14. Rhe1 Kf8
15. Qe2 Rc8 16. Kb1 Na5 17. e5 Nc4 18. exd6 Bxd6 19. Ne4 Be7 20. g3 Be8 21. f5
exf5 22. Nc3 Bc6 23. Bf3 Bb4 24. Bxc6 Bxc3 25. bxc3 Qxc6 26. Qe7+ Kg7 27. Nd4
Na3+ 28. Qxa3 Qg2 29. Nxf5+ Kh7 30. Qe7 Rhf8 31. Re2 Qf3 32. Qxf6 1-0

[Event "Hillerod Byturnering Mesterklassen 2000"]
[Site "Hillerod"]
[Date "2000.05.16"]
[Round "4"]
[White "Sorensen, Esben Lauge"]
[Black "Lilja, Richard"]
[Result "1/2-1/2"]
[WhiteElo "2076"]
[BlackElo "2009"]
[PlyCount "50"]
[EventDate "2000.??.??"]

1. d4 Nf6 2. c4 g6 3. Nc3 Bg7 4. e4 d6 5. f4 c5 6. d5 e6 7. Nf3 exd5 8. cxd5
O-O 9. Be2 Re8 10. Nd2 Ng4 11. Bxg4 Qh4+ 12. g3 Qxg4 13. Qxg4 Bxg4 14. Nb5 Na6
15. h3 Rxe4+ 16. Nxe4 Bf3 17. O-O Bxe4 18. Nc3 Bd3 19. Rf3 Nb4 20. Bd2 Bc4 21.
a3 Nxd5 22. Re1 Bd4+ 23. Kh2 Nxc3 24. Bxc3 Bd5 25. Rd3 Bc4 1/2-1/2

[Event "Hillerod Byturnering Mesterklassen 2000"]
[Site "Hillerod"]
[Date "2000.05.25"]
[Round "5"]
[White "Andersen, Daniel"]
[Black "Nielsen, Jacob Woge"]
[Result "0-1"]
[WhiteElo "2098"]
[BlackElo "2100"]
[PlyCount "60"]
[EventDate "2000.??.??"]

1. d4 Nf6 2. c4 e6 3. g3 d5 4. Bg2 Be7 5. Nf3 O-O 6. O-O dxc4 7. Qa4 a6 8. Qxc4
b5 9. Qc2 Bb7 10. Bf4 Nd5 11. Bd2 Nd7 12. Nc3 c5 13. Nxd5 Bxd5 14. dxc5 Nxc5
15. Be3 Rc8 16. Rad1 Qa5 17. Nd4 Bxg2 18. Kxg2 Qxa2 19. Nf3 Qa4 20. Qb1 Qb3 21.
Nd4 Qd5+ 22. Kg1 Qb7 23. Qa2 Bf6 24. Ra1 Rfd8 25. Rfd1 Na4 26. Qb3 Qd5 27. Qxd5
Rxd5 28. Rd2 Rcd8 29. b3 Bxd4 30. Bxd4 Rxd4 0-1

[Event "Hillerod Byturnering Mesterklassen 2000"]
[Site "Hillerod"]
[Date "2000.05.23"]
[Round "5"]
[White "Andersen, Ib Hother"]
[Black "Sorensen, Esben Lauge"]
[Result "1-0"]
[WhiteElo "2066"]
[BlackElo "2076"]
[PlyCount "33"]
[EventDate "2000.??.??"]

1. e4 d5 2. exd5 Nf6 3. d4 Bg4 4. Nf3 Qxd5 5. Be2 Nc6 6. c4 Qd7 7. Be3 e6 8.
O-O O-O-O 9. Qa4 Kb8 10. Rd1 Bxf3 11. Bxf3 Be7 12. Nc3 a6 13. a3 g5 14. Bxc6
bxc6 15. Qxa6 Ng4 16. Ne4 f5 17. Rd3 1-0

[Event "Hillerod Byturnering Mesterklassen 2000"]
[Site "Hillerod"]
[Date "2000.05.23"]
[Round "5"]
[White "Lilja, Richard"]
[Black "Jacobsen, Hans Endrup"]
[Result "1-0"]
[WhiteElo "2009"]
[BlackElo "1924"]
[PlyCount "109"]
[EventDate "2000.??.??"]

1. Nc3 c5 2. e4 e6 3. f4 d5 4. Bb5+ Bd7 5. Bxd7+ Qxd7 6. d3 Nc6 7. Nf3 dxe4 8.
dxe4 Qxd1+ 9. Nxd1 Nd4 10. Ne3 Nxf3+ 11. gxf3 Ne7 12. b3 f5 13. Bb2 Rg8 14.
O-O-O g6 15. Rd6 Bh6 16. Be5 Nc6 17. Rxe6+ Kd7 18. Rd6+ Kc8 19. Kd2 fxe4 20.
fxe4 Re8 21. Rd5 Nxe5 22. fxe5 b6 23. Rf1 Re7 24. Kd3 Bxe3 25. Rf8+ Kb7 26.
Rxa8 Kxa8 27. Kxe3 Kb7 28. Rd6 Kc7 29. Kf4 Rf7+ 30. Rf6 Re7 31. c4 Kd7 32. h4
Rg7 33. e6+ Ke7 34. Ke5 h6 35. h5 gxh5 36. Rxh6 Rg5+ 37. Kf4 Rg4+ 38. Kf5 Rg2
39. Rh7+ Ke8 40. Rh8+ Ke7 41. Rh7+ Ke8 42. Rxh5 Rxa2 43. Rh7 a5 44. Ke5 Rb2 45.
Kd6 Rd2+ 46. Kc6 Rd3 47. e7 Rg3 48. e5 Rg6+ 49. Kd5 Rg3 50. Kd6 Rg6+ 51. e6 Rg8
52. Rf7 Rh8 53. Rf8+ Rxf8 54. exf8=Q+ Kxf8 55. Kd7 1-0

[Event "Hillerod Byturnering Mesterklassen 2000"]
[Site "Hillerod"]
[Date "2000.05.23"]
[Round "5"]
[White "Roos, Aksel"]
[Black "Erlandsen, Carsten"]
[Result "0-1"]
[WhiteElo "2136"]
[BlackElo "2069"]
[PlyCount "112"]
[EventDate "2000.??.??"]

1. d4 Nf6 2. Nf3 g6 3. c4 Bg7 4. g3 d6 5. Bg2 O-O 6. O-O Nbd7 7. Nc3 e5 8. h3
c6 9. e4 Ne8 10. Be3 Qe7 11. Qd2 f5 12. Rfe1 Nef6 13. Bg5 fxe4 14. Nxe4 Nxe4
15. Rxe4 Nf6 16. Re3 e4 17. Rae1 Qf7 18. Bxf6 Bxf6 19. Rxe4 Qxc4 20. b3 Qf7 21.
Ng5 Bxg5 22. Qxg5 Qxf2+ 23. Kh2 Qf6 24. Qh6 g5 25. Qh5 Bf5 26. Re7 d5 27. Rxb7
Qg6 28. Qxg6+ Bxg6 29. Re5 Rf2 30. Kg1 Rxa2 31. Rbe7 Rb8 32. Re3 Kf8 33. Rc7
Rb4 34. Rxc6 Rxd4 35. Rf3+ Kg7 36. Rf2 Rd1+ 37. Bf1 Rdd2 38. Rxd2 Rxd2 39. Rc7+
Kf6 40. Rxa7 Rb2 41. Rb7 Ke5 42. b4 Ke4 43. Bg2+ Kd4 44. Rd7 Be4 45. Bxe4 Kxe4
46. Rxh7 d4 47. Rf7 d3 48. Re7+ Kf3 49. Rf7+ Kxg3 50. Rf1 Rxb4 51. Re1 d2 52.
Rd1 Rc4 53. Kf1 Rc1 54. Ke2 Rxd1 55. Kxd1 Kxh3 56. Kxd2 g4 0-1

[Event "Hillerod Byturnering Mesterklassen 2000"]
[Site "Hillerod"]
[Date "2000.05.30"]
[Round "6"]
[White "Erlandsen, Carsten"]
[Black "Andersen, Daniel"]
[Result "0-1"]
[WhiteElo "2069"]
[BlackElo "2098"]
[PlyCount "72"]
[EventDate "2000.??.??"]

1. d4 Nf6 2. c4 g6 3. Nc3 d5 4. cxd5 Nxd5 5. e4 Nxc3 6. bxc3 Bg7 7. Nf3 O-O 8.
Be2 c5 9. Rb1 cxd4 10. cxd4 Qa5+ 11. Bd2 Qxa2 12. O-O Bg4 13. Bg5 h6 14. Be3
Nc6 15. d5 Na5 16. Rb4 b6 17. Ba6 Rad8 18. Qc1 Bxf3 19. gxf3 e6 20. Rd1 exd5
21. Bxh6 Nb3 22. Qg5 Qa3 23. Bxg7 Kxg7 24. Qe5+ Kg8 25. Qc3 Qxa6 26. exd5 Nc5
27. Qf6 Nd7 28. Qg5 Qe2 29. Rdd4 Qe5 30. Qd2 Rfe8 31. Re4 Qa1+ 32. Kg2 Rxe4 33.
fxe4 Rc8 34. Rb3 Qc1 35. Qa2 Qc2 36. Qa4 Nc5 0-1

[Event "Hillerod Byturnering Mesterklassen 2000"]
[Site "Hillerod"]
[Date "2000.05.30"]
[Round "6"]
[White "Jacobsen, Hans Endrup"]
[Black "Nielsen, Jacob Woge"]
[Result "1/2-1/2"]
[WhiteElo "1924"]
[BlackElo "2100"]
[PlyCount "56"]
[EventDate "2000.??.??"]

1. Nf3 d5 2. g3 g6 3. Bg2 Bg7 4. d4 c6 5. O-O Nf6 6. b3 O-O 7. Bb2 Bf5 8. c4
Ne4 9. Nfd2 Nd7 10. Nxe4 Bxe4 11. f3 Bxb1 12. Rxb1 Qa5 13. a3 b5 14. cxd5 cxd5
15. e4 e6 16. exd5 exd5 17. f4 Nf6 18. f5 Rfe8 19. fxg6 hxg6 20. Qf3 Qd2 21.
Rf2 Qe3 22. Rbf1 Qxf3 23. Rxf3 Re2 24. R3f2 Rae8 25. Rxe2 Rxe2 26. Rf2 Re1+ 27.
Rf1 Re2 28. Rf2 Re1+ 1/2-1/2

[Event "Hillerod Byturnering Mesterklassen 2000"]
[Site "Hillerod"]
[Date "2000.05.30"]
[Round "6"]
[White "Lilja, Richard"]
[Black "Andersen, Ib Hother"]
[Result "1/2-1/2"]
[WhiteElo "2009"]
[BlackElo "2066"]
[PlyCount "33"]
[EventDate "2000.??.??"]

1. Nc3 d5 2. e4 d4 3. Nce2 e5 4. Ng3 Nf6 5. Nf3 Nc6 6. Bc4 Bc5 7. O-O Qd6 8. c3
dxc3 9. bxc3 O-O 10. Qe2 Bg4 11. h3 Be6 12. Bb2 Bxc4 13. Qxc4 g6 14. d4 Bb6 15.
a4 Rfe8 16. Rfe1 Nd7 17. Qd5 1/2-1/2

[Event "Hillerod Byturnering Mesterklassen 2000"]
[Site "Hillerod"]
[Date "2000.05.30"]
[Round "6"]
[White "Sorensen, Esben Lauge"]
[Black "Roos, Aksel"]
[Result "1-0"]
[WhiteElo "2076"]
[BlackElo "2136"]
[PlyCount "79"]
[EventDate "2000.??.??"]

1. d4 d5 2. c4 c6 3. Nf3 Nf6 4. Nc3 dxc4 5. e4 b5 6. Qc2 Bb7 7. a4 a6 8. e5 Nd5
9. e6 f6 10. Ne4 Bc8 11. Nc5 Nc7 12. axb5 cxb5 13. b3 Nc6 14. Qe4 Qd5 15. Qxd5
Nxd5 16. bxc4 Ndb4 17. Rb1 Nc2+ 18. Kd1 N2xd4 19. Nxd4 Nxd4 20. cxb5 Nxe6 21.
Nxa6 Bb7 22. Bc4 Rd8+ 23. Ke1 Nd4 24. f3 e5 25. Be3 Nc2+ 26. Ke2 Nxe3 27. Kxe3
Rd4 28. Rhc1 g6 29. Rc2 Bd6 30. Bd3 Ke7 31. Nc5 Bc8 32. Ne4 Bd7 33. Nxd6 Kxd6
34. Rd2 Rb8 35. b6 Bc6 36. Ra2 f5 37. Ra7 Rb7 38. Ba6 Rxa7 39. bxa7 Ra4 40. Rb6
1-0

[Event "Hillerod Byturnering Mesterklassen 2000"]
[Site "Hillerod"]
[Date "2000.06.06"]
[Round "7"]
[White "Andersen, Daniel"]
[Black "Sorensen, Esben Lauge"]
[Result "0-1"]
[WhiteElo "2098"]
[BlackElo "2076"]
[PlyCount "32"]
[EventDate "2000.??.??"]

1. c4 Nf6 2. Nc3 e6 3. e4 c5 4. e5 Ng8 5. Nf3 Nc6 6. d4 cxd4 7. Nxd4 Nxe5 8.
Ndb5 Bb4 9. Nd6+ Ke7 10. Nxc8+ Rxc8 11. Qd4 Qa5 12. f4 Ng4 13. Bd2 Qc5 14. Qxg7
Qf2+ 15. Kd1 N8f6 16. Ne4 Qd4 0-1

[Event "Hillerod Byturnering Mesterklassen 2000"]
[Site "Hillerod"]
[Date "2000.06.06"]
[Round "7"]
[White "Andersen, Ib Hother"]
[Black "Jacobsen, Hans Endrup"]
[Result "1/2-1/2"]
[WhiteElo "2066"]
[BlackElo "1924"]
[PlyCount "59"]
[EventDate "2000.??.??"]

1. e4 c5 2. Nf3 d6 3. d4 cxd4 4. Nxd4 Nf6 5. Nc3 a6 6. f4 Qc7 7. a4 Nc6 8. Be2
e6 9. Be3 b6 10. Nxc6 Qxc6 11. e5 Ne4 12. Nxe4 Qxe4 13. Qd2 Qc6 14. exd6 Qxd6
15. Qxd6 Bxd6 16. Bxb6 Bxf4 17. O-O Be5 18. Bf3 Rb8 19. Bc6+ Ke7 20. a5 Bb7 21.
Bxb7 Rxb7 22. c3 Rc8 23. Rad1 f6 24. Rd3 Rd7 25. Rfd1 Rxd3 26. Rxd3 f5 27. h3
Bf6 28. Kf2 e5 29. Rd5 Ke6 30. Rd1 1/2-1/2

[Event "Hillerod Byturnering Mesterklassen 2000"]
[Site "Hillerod"]
[Date "2000.06.02"]
[Round "7"]
[White "Nielsen, Jacob Woge"]
[Black "Erlandsen, Carsten"]
[Result "1-0"]
[WhiteElo "2100"]
[BlackElo "2069"]
[PlyCount "93"]
[EventDate "2000.??.??"]

1. e4 e5 2. Nf3 d6 3. d4 Nf6 4. Nc3 Nbd7 5. Bc4 Be7 6. O-O O-O 7. a4 c6 8. Qe2
b6 9. Rd1 Qc7 10. h3 a6 11. dxe5 dxe5 12. Nh4 g6 13. Bh6 Re8 14. Bxf7+ Kxf7 15.
Qc4+ Nd5 16. Rxd5 cxd5 17. Qxc7 Bxh4 18. Nxd5 Bd8 19. Qc6 Rb8 20. Nc7 Bxc7 21.
Qxc7 Rb7 22. Qc4+ Ke7 23. Bg5+ Kf8 24. Ra3 Nc5 25. Rf3+ Kg7 26. Bf6+ Kh6 27.
Qc3 g5 28. Qe3 Ne6 29. Bxg5+ Nxg5 30. Rf6+ Kg7 31. Qxg5+ Kh8 32. Qh6 Rg7 33.
Rxb6 Reg8 34. Qf6 Bxh3 35. Kh2 Bxg2 36. Qxe5 Bf1 37. Rb8 h6 38. Rb6 Kh7 39.
Qf5+ Rg6 40. b3 Be2 41. f3 R8g7 42. c4 Rg8 43. Rxa6 R8g7 44. a5 Bxf3 45. Rxg6
Rxg6 46. Qxf3 Rg2+ 47. Qxg2 1-0

[Event "Hillerod Byturnering Mesterklassen 2000"]
[Site "Hillerod"]
[Date "2000.06.06"]
[Round "7"]
[White "Roos, Aksel"]
[Black "Lilja, Richard"]
[Result "0-1"]
[WhiteElo "2136"]
[BlackElo "2009"]
[PlyCount "64"]
[EventDate "2000.??.??"]

1. d4 Nf6 2. Nf3 g6 3. g3 Bg7 4. c4 O-O 5. Bg2 d6 6. O-O c5 7. d5 Na6 8. Nc3
Rb8 9. e4 Nc7 10. a4 Bd7 11. Re1 b6 12. e5 Nfe8 13. Bg5 dxe5 14. Nxe5 Bxe5 15.
Rxe5 f6 16. d6 Nxd6 17. Nd5 Nxd5 18. Bxd5+ Kg7 19. Qe1 fxg5 20. Rxe7+ Nf7 21.
Qe5+ Kg8 22. Qf6 Be8 23. Rae1 Rc8 24. Qe5 Bc6 25. Qe6 Bxd5 26. cxd5 Rc7 27. d6
Rc6 28. Rd7 Qb8 29. Rd1 Rcc8 30. Rd3 Rcd8 31. Rxf7 Rxf7 32. Rf3 Qb7 0-1